000
00300 a2200145 4500
001
177527
020
_a
040
_c
Magnum
100
_a
Araujo,lais Correa
240
1
0
_a
A loja do zeconze
_l
por
245
1
0
_a
A loja do zeconze
362
0
_a
1899
697
_a
MAGNITO: I/ANIMAIS
942
_c
BK
999
_c
177527
_d
177527